Versos de un huesped de Luisa Esteban / (Record no. 70108)

MARC details
000 -LEADER
campo de control de longitud fija 00508nam a2200169 i 4500
001 - NÚMERO DE CONTROL
campo de control 70108
003 - IDENTIFICADOR DE NÚMERO DE CONTROL
campo de control ES-MaACL
005 - FECHA Y HORA DE LA ÚLTIMA TRANSACCIÓN
campo de control 20231205195754.0
007 - CAMPO FIJO DE DESCRIPCIÓN FÍSICA--INFORMACIÓN GENERAL
campo de control de longitud fija t|
008 - DATOS DE LONGITUD FIJA--INFORMACIÓN GENERAL
campo de control de longitud fija 040716s1944 sp ||||1| spa d
100 1# - ENTRADA PRINCIPAL--NOMBRE DE PERSONA
Nombre de persona García Nieto, José,
Fechas asociadas al nombre 1914-2001
9 (RLIN) 55029
245 10 - MENCIÓN DEL TÍTULO
Título Versos de un huesped de Luisa Esteban /
Mención de responsabilidad, etc. José García Nieto.
260 ## - PUBLICACIÓN, DISTRIBUCIÓN, ETC.
Lugar de publicación, distribución, etc. Madrid :
Nombre del editor, distribuidor, etc. Garcilaso,
Fecha de publicación, distribución, etc. 1944.
300 ## - DESCRIPCIÓN FÍSICA
Extensión [26 p.] ;
Dimensiones 22 cm.
852 ## - LOCALIZACIÓN
Ubicación ES-MaACL
Número de control de estantería 1852-F-15
Nota libre .- Ded. ms. del autor
Sublocalización o colección R.21498
Holdings
Estatus retirado Estado de pérdida Fuente del sistema de clasificación o colocación Estado de daño No para préstamo Colección Biblioteca de origen Biblioteca actual Ubicación en estantería Fecha de adquisición Total de préstamos Signatura topográfica completa Código de barras Visto por última vez Precio de reemplazo Tipo de ítem Koha Nota pública
    Clasificación decimal universal     Colección de folletos Biblioteca del Ateneo de Madrid Biblioteca del Ateneo de Madrid Depósito folletos 17/01/2008   1852-F-15 1073414 23/02/2023 23/02/2023 Folleto Dedicatoria autógrafa del autor